Statistics for Tim McGraw - Highway Don't Care Lyrics

Click here to take the quiz!

General Stats

  • This quiz has been taken 25 times
  • The average score is 255 of 288

Answer Stats

Lyrics% Correct
a
100%
and
100%
do
100%
i
100%
the
100%
to
100%
you
100%
your
100%
you're
100%
care
95%
don't
95%
highway
95%
know
95%
me
95%
no
95%
too
95%
but
90%
goin'
90%
home
90%
if
90%
not
90%
on
90%
where
90%
about
86%
alive
86%
all
86%
'bout
86%
can't
86%
comin'
86%
comin
86%
down
86%
got
86%
live
86%
oh
86%
so
86%
what
86%
won't
86%
alone
81%
baby
81%
back
81%
bet
81%
Bet
81%
hair's
81%
here
81%
hold
81%
idea
81%
in
81%
is
81%
pulled
81%
that
81%
tonight
81%
way
81%
went
81%
window's
81%
without
81%
around
76%
fast
76%
get
76%
need
76%
rolled
76%
tear
76%
think
76%
tryin
76%
tryin'
76%
turnin'
76%
wrong
76%
along
71%
always
71%
dry
71%
fall
71%
first
71%
let
71%
phone
71%
radio
71%
seat
71%
shotgun
71%
sing
71%
song
71%
tears
71%
trying
71%
yeah
71%
bendin'
67%
cell
67%
dead
67%
God's
67%
goes
67%
lost
67%
sound
67%
talkin'
67%
'til
67%
turned
67%
ear
62%
stop
62%
awake
57%
stay
57%

Score Distribution

Percentile by Number Answered

Percent of People with Each Score

Your Score History

You have not taken this quiz